Communication and the law. / (Record no. 9505)

MARC details
000 -LEADER
fixed length control field 01181nam a22001937a 4500
005 - DATE AND TIME OF LATEST TRANSACTION
control field 20230415123622.0
008 - FIXED-LENGTH DATA ELEMENTS--GENERAL INFORMATION
fixed length control field 220627b ||||| |||| 00| 0 eng d
020 ## - INTERNATIONAL STANDARD BOOK NUMBER
International Standard Book Number 978188521*541
050 ## - LIBRARY OF CONGRESS CALL NUMBER
Classification number KF2750.C73
245 ## - TITLE STATEMENT
Title Communication and the law. /
Statement of responsibility, etc. W. Wat Hopkins, Editor
250 ## - EDITION STATEMENT
Edition statement 2016 edition
260 ## - PUBLICATION, DISTRIBUTION, ETC.
Place of publication, distribution, etc. North Port, Alabama :
Name of publisher, distributor, etc. Vision Press,
Date of publication, distribution, etc. 2016.
300 ## - PHYSICAL DESCRIPTION
Extent vi, 425 p. :
Other physical details ill. ;
Dimensions 24 cm.
500 ## - GENERAL NOTE
General note Include index.
505 ## - FORMATTED CONTENTS NOTE
Formatted contents note Contents : The law in modern society -- The first amendment in theory and practice -- Conduct and speech -- Prior restraint -- Regulating pornography -- Defamation -- Regulating student expression -- Regulating advertising -- Regulating public relations -- Broadcast regulation -- Regulating cable communication -- New communication technologies -- Intellectual property -- Privacy rights in an open and changing society -- Confidential sources and information -- Access to courts -- Access to public documents and meetings -- Newsgathering -- The Constitution of the United States of America -- The Bill of rights --
650 ## - SUBJECT ADDED ENTRY--TOPICAL TERM
Topical term or geographic name entry element Communication
General subdivision Law
9 (RLIN) 1193
710 ## - ADDED ENTRY--CORPORATE NAME
Corporate name or jurisdiction name as entry element Communication Law Writers Group
9 (RLIN) 1194
942 ## - ADDED ENTRY ELEMENTS (KOHA)
Source of classification or shelving scheme Library of Congress Classification
Koha item type Books
Holdings
Withdrawn status Lost status Source of classification or shelving scheme Damaged status Not for loan Home library Current library Shelving location Date acquired Full call number Barcode Date last seen Koha item type
    Library of Congress Classification     WISCONSIN INTERNATIONAL UNIVERSITY COLLEGE, GHANA KUMASI LIBRARY WISCONSIN INTERNATIONAL UNIVERSITY COLLEGE, GHANA KUMASI LIBRARY Law Library 24/03/2023 KF2750.C73(2016e) KSL/1748/011/23 13/04/2023 Books

If you have any concerns or questions; kindly contact the library


© Powered by WIUC ICT DIRECTORATE